NBA Players To Win A Championship With Multiple Teams - Statistics

General Stats
  • This quiz has been taken 50 times
  • The average score is 14 of 35
Answer Stats
Teams Won With Player # of Rings % Correct
MIA, CLE, LAL LeBron James 4
96%
MIL, LAL Kareem Abdul-Jabbar 6
89%
DET, CHI Dennis Rodman 5
84%
SAS, TOR Kawhi Leonard 2
76%
LAL, MIA Shaquille O'Neal 4
73%
HOU, LAL, SAS Robert Horry 7
69%
CHI, SAS Steve Kerr 5
64%
SAS, TOR, LAL Danny Green 3
58%
MIL, BOS Jrue Holiday 2
53%
CHI, LAL Horace Grant 4
51%
CLE, LAL J.R. Smith 2
51%
POR, BOS Bill Walton 2
49%
LAL, DEN Kentavious Caldwell-Pope 2
49%
BOS, LAL Rajon Rondo 2
49%
LAL, OKC Alex Caruso 2
47%
SEA, BOS Dennis Johnson 3
47%
CHI, LAL Ron Harper 5
44%
BOS, MIA Ray Allen 2
42%
BOS, CHI Robert Parish 4
42%
PHI, LAL Wilt Chamberlain 2
42%
MIA, CLE James Jones 3
36%
GSW, LAL JaVale McGee 3
29%
DET, CHI, LAL John Salley 4
22%
GSW, TOR Patrick McCaw 3
22%
HOU, BOS Sam Cassell 3
18%
DET, CHI James Edwards 3
16%
CHI, SAS Will Perdue 4
13%
HOU, SAS Mario Elie 3
11%
BOS, DET Gerald Henderson 3
9%
GSW, LAL Jamaal Wilkes 4
7%
MNL, BOS Clyde Lovellette 3
4%
BOS, SEA Paul Silas 3
4%
MNL, STL Slater Martin 5
4%
WSB, LAL Mitch Kupchak 3
2%
ROC, MNL Pep Saul 4
2%
No matching quizzes found
Score Distribution
Percent of People with Each Score
Percentile by Number Answered
Your Score History
You have not taken this quiz